Fiscal policy speech by finance minister masayoshi ohira at the seventy-fifth session of the national diet
שמור ב:
| פורמט: | ספר |
|---|---|
| שפה: | Undetermined |
| יצא לאור: |
Japan
Ministry of Foregin Affairs
1975
|
| נושאים: | |
| תגים: |
הוספת תג
אין תגיות, היה/י הראשונ/ה לתייג את הרשומה!
|
| Thư viện lưu trữ: | Trung tâm Học liệu Trường Đại học Cần Thơ |
|---|
| LEADER | 00467nam a2200145Ia 4500 | ||
|---|---|---|---|
| 001 | CTU_79654 | ||
| 008 | 210402s9999 xx 000 0 und d | ||
| 082 | |a 336.3 | ||
| 082 | |b F532 | ||
| 245 | 0 | |a Fiscal policy speech by finance minister masayoshi ohira at the seventy-fifth session of the national diet | |
| 260 | |a Japan | ||
| 260 | |b Ministry of Foregin Affairs | ||
| 260 | |c 1975 | ||
| 650 | |a Fiscal policy | ||
| 980 | |a Trung tâm Học liệu Trường Đại học Cần Thơ | ||